Country Members of the Air Guitar World Championships Network - Statistics

General Stats
  • This quiz has been taken 13 times
  • The average score is 16 of 19
Answer Stats
Continent Answer % Correct
Oceania Australia
100%
Europe France
100%
Asia Japan
100%
Europe United Kingdom
100%
North America United States
100%
South America Brazil
90%
North America Canada
90%
Europe Germany
90%
Oceania New Zealand
90%
Europe / Asia Russia
90%
Europe Finland
80%
Europe Switzerland
80%
Europe The Netherlands
80%
Europe Belgium
70%
Europe Norway
70%
Asia Taiwan
70%
Asia Thailand
70%
Europe Greece
60%
Europe Romania
50%
No matching quizzes found
Score Distribution
Percent of People with Each Score
Percentile by Number Answered
Your Score History
You have not taken this quiz